000 00595nam a2200181 i 4500
001 95621
003 ES-MaACL
005 20241129174636.0
007 t|
008 050601s1904 sp ||||1| spa d
100 1 _aLlorens, José
_cPbro.
_9158201
245 1 0 _a¡Gloria a María!
_b: consideración poética de sus sagrados misterios /
_cJosé Lloréns.
260 _aBarcelona :
_b[s.n.],
_c1904 (
_fImpr. de J. Cunill)
300 _a141 p. ;
_c18 cm.
852 _aES-MaACL
_jT-1058-F-5
_z.- Enc. en un vol. facticio conservando la cub. original
942 _2udc
999 _c95621
_d95621